Music Quiz

Random Music or Album Quiz

Multiple 5 Star Rolling Stone Reviews Quiz Stats

 Plays Quiz not verified by Sporcle

Challenge
Share
Tweet
Embed
Score 0/22 Timer 07:00
0 Plays Today
Number of Albums Artist % Correct
2U2
97.2%
4The Rolling Stones
96%
3The Who
95.2%
2Elton John
95.2%
3Pink Floyd
90.7%
2Led Zeppelin
89.8%
2Metallica
89.2%
5Bob Dylan
85.8%
2R.E.M.
83.6%
7Bruce Springsteen
76.8%
3Neil Young
75.4%
Number of Albums Artist % Correct
2Eric Clapton
75.1%
2David Bowie
68.3%
3The Clash
63.7%
2Kanye West
63.5%
3The Band
61.5%
2Steely Dan
56.4%
2Talking Heads
55.8%
3Stevie Wonder
55.2%
2Grateful Dead
48.2%
2Joni Mitchell
35.4%
2Al Green
25.2%

You're not logged in!

Compare scores with friends on all Sporcle quizzes.
OR
Log In

You Might Also Like...

Show Comments

Extras

Top Quizzes Today


Score Distribution

Your Account Isn't Verified!

In order to create a playlist on Sporcle, you need to verify the email address you used during registration. Go to your Sporcle Settings to finish the process.

Report this User

Report this user for behavior that violates our Community Guidelines.

Details: